தரம் 10 -11 வடிவமைப்பும் நிர்மாணத் தொழிநுட்பவியலும்: Design and Construction Technology/
Saved in:
| Main Author: | |
|---|---|
| Format: | Book |
| Language: | English Tamil |
| Published: |
கொழும்பு:
Lanka Book Depot;
|
| Subjects: | |
| Tags: |
Add Tag
No Tags, Be the first to tag this record!
|
MARC
| LEADER | 00000nam a22000007a 4500 | ||
|---|---|---|---|
| 005 | 20260402145627.0 | ||
| 008 | 260402b |||||||| |||| 00| 0 eng d | ||
| 020 | |a 9789557052663 | ||
| 041 | |a tam |h tam | ||
| 082 | |a 624.1 |b ராஜேந் | ||
| 100 | |a ராஜேந்திரன்,கே. |9 18340 | ||
| 245 | |a தரம் 10 -11 வடிவமைப்பும் நிர்மாணத் தொழிநுட்பவியலும்: |b Design and Construction Technology/ |c கே.ராஜேந்திரன். | ||
| 260 | |a கொழும்பு: |b Lanka Book Depot; | ||
| 300 | |a vii,151பக்: |b ill; |c 24.5cm | ||
| 500 | |a Purchase | ||
| 650 | |a கட்டமைப்பு பொறியியல் |9 116853 | ||
| 942 | |c BK | ||
| 999 | |c 70921 |d 70921 | ||